Qué es verdaderamente el Siglo de Oro / (Record no. 5828)
[ view plain ]
| 000 -CABECERA | |
|---|---|
| campo de control de longitud fija | 00809cam a2200253 a 4500 |
| 001 - NÚMERO DE CONTROL | |
| campo de control | 000006032 |
| 005 - FECHA Y HORA DE LA ÚLTIMA TRANSACCIÓN | |
| campo de control | 20200929151908.0 |
| 008 - DATOS DE LONGITUD FIJA--INFORMACIÓN GENERAL | |
| campo de control de longitud fija | 750331s1973 sp 000 0 spa d |
| 020 ## - NÚMERO INTERNACIONAL ESTÁNDAR DEL LIBRO | |
| ISBN cancelado o inválido | 84325004742 |
| 040 ## - FUENTE DE LA CATALOGACIÓN | |
| Centro catalogador/agencia de origen | DO-SdBNP |
| Centro/agencia transcriptor | NBuU |
| Centro/agencia modificador | OCoLC |
| -- | TxU |
| -- | DLC |
| 082 ## - NÚMERO DE LA CLASIFICACIÓN DECIMAL DEWEY | |
| Número de clasificación | 860.9 |
| Número de documento/Ítem | A729q |
| 049 ## - FONDOS LOCALES (OCLC) | |
| Fondos de biblioteca | BNGR |
| 100 1# - ENTRADA PRINCIPAL--NOMBRE DE PERSONA | |
| Nombre de persona | Armiño, Mauro, |
| 9 (RLIN) | 13314 |
| 245 10 - MENCIÓN DE TÍTULO | |
| Título | Qué es verdaderamente el Siglo de Oro / |
| Mención de responsabilidad, etc. | Mauro Armiño. |
| 260 ## - PUBLICACIÓN, DISTRIBUCIÓN, ETC. | |
| Lugar de publicación, distribución, etc. | Madrid : |
| Nombre del editor, distribuidor, etc. | Doncel, |
| Fecha de publicación, distribución, etc. | 1973. |
| 300 ## - DESCRIPCIÓN FÍSICA | |
| Extensión | 317 p. ; |
| Dimensiones | 18 cm. |
| 490 1# - MENCIÓN DE SERIE | |
| Mención de serie | Qué es verdaderamente |
| Designación de volumen o secuencia | 22 |
| 504 ## - NOTA DE BIBLIOGRAFÍA, ETC. | |
| Nota de bibliografía, etc. | Bibliografía: p. [310]-317. |
| 650 #4 - PUNTO DE ACCESO ADICIONAL DE MATERIA--TÉRMINO DE MATERIA | |
| Término de materia o nombre geográfico como elemento de entrada | Literatura española |
| Subdivisión cronológica | HISTORIA Y CRÍTICA |
| 9 (RLIN) | 17010 |
| 650 #4 - PUNTO DE ACCESO ADICIONAL DE MATERIA--TÉRMINO DE MATERIA | |
| Término de materia o nombre geográfico como elemento de entrada | Literatura hispanoamericana |
| Subdivisión cronológica | HISTORIA Y CRÍTICA |
| 9 (RLIN) | 17011 |
| 830 #0 - PUNTO DE ACCESO ADICIONAL DE SERIE-TÍTULO UNIFORME | |
| Título uniforme | Qué es verdaderamente ; |
| Designación de volumen o secuencia | 22 |
| 9 (RLIN) | 17012 |
| 910 ## - DATOS DE OPCIÓN DEL USUARIO (OCLC) | |
| Datos de opción del usuario | Catalogación derivada / LC |
| 910 ## - DATOS DE OPCIÓN DEL USUARIO (OCLC) | |
| Datos de opción del usuario | WM |
| Estado de retiro | Estado de pérdida | Restricciones de uso | No para préstamo | Código de colección | Localización permanente | Ubicación/localización actual | Ubicación en estantería | Fecha de adquisición | Número de inventario | Total de préstamos | Signatura topográfica completa | Código de barras | Fecha visto por última vez | Precio válido a partir de | Tipo de ítem Koha | Número de copia |
|---|---|---|---|---|---|---|---|---|---|---|---|---|---|---|---|---|
| Monografías: Libros y Folletos | General | General | Depósito | 25.08.2009 | LF1 | 860.9 A729q | 6032-10 | 25.06.2020 | 25.06.2020 | Préstamo en sala | ||||||
| Préstamo restringido | Préstamo restrigido | Monografías: Libros y Folletos | General | General | Depósito | 25.08.2009 | LF1 | 860.9 A729q | 6032-20 | 25.06.2020 | 25.06.2020 | Préstamo en sala | e.2 | |||
| Monografías: Libros y Folletos | General | General | Depósito | 25.08.2009 | LF1 | 860.9 A729q | 6032-30 | 25.06.2020 | 25.06.2020 | Préstamo en sala | e.3 |
